Método práctico de educación liberadora

में बचाया:
ग्रंथसूची विवरण
मुख्य लेखक: Gutiérrez Pérez, Francisco
स्वरूप: मूलपाठ
प्रकाशित: Madrid: Marsiega
टैग: टैग जोड़ें
कोई टैग नहीं, इस रिकॉर्ड को टैग करने वाले पहले व्यक्ति बनें!

MARC

LEADER 00000 a a2200000 04500
001 31575
003
040
020 |a 84-7103-144-2  
090 |a 198800  
100 |a Gutiérrez Pérez, Francisco  
245 |a Método práctico de educación liberadora  
260 |a Madrid:   |b Marsiega  
300 |a 261 p.   |b il.  
999 |c 6106  |d 6106